| 000 | 00512nam a2200145 a 4500 | ||
|---|---|---|---|
| 001 | 000024302 | ||
| 005 | 20200930022906.0 | ||
| 008 | 110126s19uu dr r 000 0 spa d | ||
| 040 |
_aDO-SdBNP _bspa _cBNPHU |
||
| 082 |
_axxx _bR426d |
||
| 110 | 1 |
_aRepública Dominicana _bSecretaría de Estado de Relaciones Exteriores _92256 |
|
| 245 | 1 | 0 | _aDocumentos histórico procedentes del archivo de Indias. |
| 260 |
_aSanto Domingo : _bSecretaría de Estado de Relaciones Exteriores, _c[19--?]. |
||
| 300 |
_a117 p. ; _c32 cm. |
||
| 999 |
_c23795 _d23795 |
||